[Event "Titled Tuesday intern op 05th Sep Early"]
[Site "Chess.com INT"]
[Date "2023.09.05"]
[Round "3"]
[White "Ozen, Bahadir"]
[Black "Fedoseev, Vladimir1111"]
[Result "0-1"]
[WhiteElo "2357"]
[BlackElo "2683"]
[PlyCount "100"]
[EventDate "2023.09.05"]
[EventType "swiss (blitz)"]
[EventRounds "11"]
[EventCountry "USA"]
[SourceTitle "EXT 2024"]
[Source "ChessBase"]
[SourceDate "2023.10.10"]
[SourceVersion "1"]
[SourceVersionDate "2023.10.10"]
[SourceQuality "1"]

1. a3 a6 2. d4 Ra7 3. Ra2 Ra8 4. Ra1 Nc6 5. Nf3 Na7 6. Be3 Nb5 7. Bd2 Nd6 8. Bc1 Nf6 9. h3 b5 10. Bf4 Bb7 11. e3 e6 12. Be2 Be7 13. 0-0 0-0 14. Nbd2 Nf5 15. c4 c5 16. dxc5 bxc4 17. Nxc4 Bxc5 18. b4 Ba7 19. Rc1 Bb8 20. Bxb8 Qxb8 21. Nd4 Nh4 22. Nf3 Bxf3 23. Bxf3 d5 24. Na5 Qe5 25. Nc6 Qg5 26. g3 Ne4 27. Kh2 Nxf3+ 28. Qxf3 Nd2 29. Qf4 Nxf1+ 30. Rxf1 Qxf4 31. gxf4 f6 32. Rc1 Kf7 33. a4 Rfc8 34. b5 axb5 35. axb5 Rab8 36. b6 Ke8 37. Nxb8 Rxc1 38. b7 Rc7 39. Na6 Rxb7 40. Nc5 Rb6 41. h4 Ke7 42. Kg3 Kd6 43. Nd3 Rb3 44. Nc1 Rb2 45. Kf3 e5 46. fxe5+ fxe5 47. Kg2 e4 48. Kg3 Ke5 49. Kg2 h5 50. Kg3 Kf5 0-1

[Event "Titled Tuesday intern op 08th Aug Early"]
[Site "Chess.com INT"]
[Date "2023.08.08"]
[Round "4"]
[White "Khandelwal, Ankush"]
[Black "Ozen, Bahadir"]
[Result "0-1"]
[WhiteElo "2294"]
[BlackElo "2357"]
[PlyCount "94"]
[EventDate "2023.08.08"]
[EventType "swiss (blitz)"]
[EventRounds "11"]
[EventCountry "USA"]
[SourceTitle "EXT 2024"]
[Source "ChessBase"]
[SourceDate "2023.10.10"]
[SourceVersion "1"]
[SourceVersionDate "2023.10.10"]
[SourceQuality "1"]

1. e4 d6 2. d4 Nf6 3. Nc3 e5 4. Nf3 Nbd7 5. Bc4 Be7 6. 0-0 0-0 7. Re1 c6 8. a4 b6 9. Ba2 a6 10. h3 Rb8 11. Be3 b5 12. axb5 axb5 13. b4 Qc7 14. Qd2 Nb6 15. Rad1 Nc4 16. Bxc4 bxc4 17. Rb1 Re8 18. Bg5 h6 19. Bxf6 Bxf6 20. d5 Bd7 21. Red1 Be7 22. dxc6 Bxc6 23. b5 Ba8 24. Nh2 Qc5 25. Ng4 Red8 26. Qe3 Qc8 27. Qg3 Kf8 28. Ne3 Bg5 29. Nf5 Qe6 30. Qf3 g6 31. Ne3 Kg7 32. Ncd5 Rd7 33. Nxc4 f5 34. exf5 gxf5 35. Ncb6 Rxb6 36. Nxb6 Bxf3 37. Nxd7 Bb7 38. Nb8 d5 39. Rd3 d4 40. Ra3 Kg6 41. Ra7 Qd5 42. f3 Kh5 43. Nc6 Bxc6 44. bxc6 Qxc6 45. Ra5 Be3+ 46. Kh1 Bf4 47. Rab5 Qg6 0-1

[Event "Titled Tuesday intern op 08th Aug Early"]
[Site "Chess.com INT"]
[Date "2023.08.08"]
[Round "2"]
[White "Ozen, Bahadir"]
[Black "Rietze, Clemens"]
[Result "1-0"]
[WhiteElo "2357"]
[BlackElo "2329"]
[PlyCount "59"]
[EventDate "2023.08.08"]
[EventType "swiss (blitz)"]
[EventRounds "11"]
[EventCountry "USA"]
[SourceTitle "EXT 2024"]
[Source "ChessBase"]
[SourceDate "2023.10.10"]
[SourceVersion "1"]
[SourceVersionDate "2023.10.10"]
[SourceQuality "1"]

1. g3 Nf6 2. Nf3 g6 3. Bg2 Bg7 4. 0-0 0-0 5. d3 d6 6. Nbd2 e5 7. e4 Nc6 8. c3 a5 9. a4 Nd7 10. Nc4 f5 11. Re1 Nf6 12. exf5 Bxf5 13. Ne3 Bd7 14. Qb3+ Kh8 15. Qxb7 e4 16. dxe4 Nxe4 17. Nd5 Ra7 18. Qb3 Nc5 19. Qc4 Rxf3 20. Bxf3 Ne5 21. Rxe5 Bxe5 22. Be3 Qf8 23. Bg2 Be6 24. Bxc5 dxc5 25. Qe4 Qd6 26. Rd1 Bf5 27. Qe2 Ra8 28. Ne3 Qf8 29. Bxa8 Qe8 30. Nxf5 1-0

[Event "Titled Tuesday intern op 01st Aug Early"]
[Site "Chess.com INT"]
[Date "2023.08.01"]
[Round "4"]
[White "Ozen, Bahadir"]
[Black "Belov, Alexei"]
[Result "1-0"]
[WhiteElo "2357"]
[BlackElo "2421"]
[PlyCount "91"]
[EventDate "2023.08.01"]
[EventType "swiss (blitz)"]
[EventRounds "11"]
[EventCountry "USA"]
[SourceTitle "EXT 2024"]
[Source "ChessBase"]
[SourceDate "2023.10.10"]
[SourceVersion "1"]
[SourceVersionDate "2023.10.10"]
[SourceQuality "1"]

1. g3 d5 2. Nf3 e6 3. Bg2 Nf6 4. 0-0 Be7 5. b3 0-0 6. Bb2 c5 7. e3 Nc6 8. d4 b6 9. Nbd2 Bb7 10. c4 Rc8 11. Qe2 cxd4 12. Nxd4 Nxd4 13. Bxd4 Qc7 14. Rac1 Qb8 15. Bxf6 Bxf6 16. cxd5 exd5 17. Qd3 Rfd8 18. Nf3 Qd6 19. Nd4 Qa3 20. Qd2 a6 21. Bh3 Rc5 22. Rfd1 g6 23. Ne2 Bb2 24. Rb1 Bf6 25. Nd4 Bc8 26. Bg2 Bg4 27. Re1 Rdc8 28. h3 Bd7 29. Kh2 Kg7 30. Rf1 h5 31. h4 a5 32. Bf3 Qb4 33. Qxb4 axb4 34. Rfd1 Ra5 35. Rb2 Kg8 36. Kg2 Bf5 37. Nxf5 gxf5 38. Rbd2 Rcc5 39. Bxh5 Bc3 40. Re2 Kg7 41. Bf3 Kf6 42. Rd3 Ke5 43. h5 Rc6 44. Rc2 b5 45. Rxd5+ Ke6 46. Rxf5 1-0

[Event "Titled Tuesday intern op 18th Jul Late"]
[Site "Chess.com INT"]
[Date "2023.07.18"]
[Round "4"]
[White "Ozen, Bahadir"]
[Black "Martinez Alcantara, Jose Eduardo"]
[Result "0-1"]
[WhiteElo "2369"]
[BlackElo "2619"]
[PlyCount "76"]
[EventDate "2023.07.18"]
[EventType "swiss (blitz)"]
[EventRounds "11"]
[EventCountry "USA"]
[SourceTitle "EXT 2024"]
[Source "ChessBase"]
[SourceDate "2023.10.10"]
[SourceVersion "1"]
[SourceVersionDate "2023.10.10"]
[SourceQuality "1"]

1. d3 c5 2. Nf3 Nc6 3. e4 g6 4. Be2 Bg7 5. 0-0 d6 6. c3 e5 7. a3 Nge7 8. b4 0-0 9. Nbd2 h6 10. Bb2 Be6 11. b5 Na5 12. d4 b6 13. dxe5 dxe5 14. c4 Qc7 15. Qc2 f5 16. Rfe1 f4 17. h3 g5 18. Nh2 Rad8 19. Bg4 Bf7 20. Be2 Rfe8 21. Rad1 Nc8 22. Nb3 Nb7 23. a4 Ncd6 24. Rd2 Rd7 25. Red1 Rde7 26. Ba1 h5 27. Nf3 Bf6 28. Nh2 Kg7 29. Bb2 Bg6 30. f3 Bf7 31. Ba1 Nc8 32. Bb2 Nd8 33. a5 Ne6 34. axb6 axb6 35. Ra1 Nd6 36. Qd1 Nd4 37. Bxd4 exd4 38. Bd3 Nxc4 0-1

[Event "TUR-chT 2nd League"]
[Site "Denizli"]
[Date "2023.07.15"]
[Round "9.32"]
[White "Burcu, Cagatay"]
[Black "Ozen, Bahadir"]
[Result "1/2-1/2"]
[WhiteElo "2374"]
[BlackElo "2369"]
[PlyCount "32"]
[EventDate "2023.07.09"]
[EventType "team-swiss"]
[EventRounds "9"]
[EventCountry "TUR"]
[SourceTitle "CBM 215 Extra"]
[Source "ChessBase"]
[SourceDate "2023.09.30"]
[SourceVersion "1"]
[SourceVersionDate "2023.09.30"]
[SourceQuality "1"]
[WhiteTeam "Canakkale Apaydin"]
[BlackTeam "Moda"]
[WhiteTeamCountry "TUR"]
[BlackTeamCountry "TUR"]

1. d4 Nf6 2. Bf4 d5 3. Nf3 c5 4. e3 e6 5. c3 Bd6 6. Bg3 0-0 7. Nbd2 Qc7 8. dxc5 Qxc5 9. Bd3 Nbd7 10. 0-0 Bxg3 11. hxg3 Qe7 12. Re1 b6 13. Kh1 Kh8 14. Kg1 Kg8 15. Kh1 Kh8 16. Kg1 Kg8 1/2-1/2

[Event "TUR-chT 2nd League"]
[Site "Denizli"]
[Date "2023.07.14"]
[Round "8.32"]
[White "Ozen, Bahadir"]
[Black "Rzayev, Bahruz Iqbal Oglu"]
[Result "1/2-1/2"]
[WhiteElo "2369"]
[BlackElo "2331"]
[PlyCount "37"]
[EventDate "2023.07.09"]
[EventType "team-swiss"]
[EventRounds "9"]
[EventCountry "TUR"]
[SourceTitle "CBM 215 Extra"]
[Source "ChessBase"]
[SourceDate "2023.09.30"]
[SourceVersion "1"]
[SourceVersionDate "2023.09.30"]
[SourceQuality "1"]
[WhiteTeam "Moda"]
[BlackTeam "Yildiz"]
[WhiteTeamCountry "TUR"]
[BlackTeamCountry "TUR"]

1. d4 Nf6 2. c4 e6 3. Nf3 b6 4. g3 Bb7 5. Bg2 Be7 6. 0-0 0-0 7. Nc3 Ne4 8. Qc2 Nxc3 9. Qxc3 c5 10. Rd1 d6 11. b3 Bf6 12. Bb2 Nd7 13. Qd2 d5 14. Ne5 cxd4 15. Nxd7 Qxd7 16. cxd5 Bxd5 17. Bxd4 Bxg2 18. Bxf6 Qxd2 19. Rxd2 1/2-1/2

[Event "TUR-chT 2nd League"]
[Site "Denizli"]
[Date "2023.07.12"]
[Round "6.22"]
[White "Ozen, Bahadir"]
[Black "Tasdogen, Dincer"]
[Result "1/2-1/2"]
[WhiteElo "2369"]
[BlackElo "2303"]
[PlyCount "40"]
[EventDate "2023.07.09"]
[EventType "team-swiss"]
[EventRounds "9"]
[EventCountry "TUR"]
[SourceTitle "CBM 215 Extra"]
[Source "ChessBase"]
[SourceDate "2023.09.30"]
[SourceVersion "1"]
[SourceVersionDate "2023.09.30"]
[SourceQuality "1"]
[WhiteTeam "Moda"]
[BlackTeam "Galva Metal"]
[WhiteTeamCountry "TUR"]
[BlackTeamCountry "TUR"]

1. d4 d6 2. Nf3 Nf6 3. c4 g6 4. e3 Bg7 5. Be2 0-0 6. 0-0 c5 7. b3 e5 8. Ba3 exd4 9. exd4 Nh5 10. Qd2 Bg4 11. Bb2 Nc6 12. d5 Bxb2 13. Qxb2 Nb8 14. Nbd2 Nf6 15. Rfe1 Kh8 16. Kh1 Kg8 17. Kg1 Kh8 18. Kh1 Kg8 19. Kg1 Kh8 20. Kh1 Kg8 1/2-1/2

[Event "TUR-chT 2nd League"]
[Site "Denizli"]
[Date "2023.07.11"]
[Round "4.32"]
[White "Ozen, Bahadir"]
[Black "Kirilmaz, Emre"]
[Result "1/2-1/2"]
[WhiteElo "2369"]
[BlackElo "2190"]
[PlyCount "34"]
[EventDate "2023.07.09"]
[EventType "team-swiss"]
[EventRounds "9"]
[EventCountry "TUR"]
[SourceTitle "CBM 215 Extra"]
[Source "ChessBase"]
[SourceDate "2023.09.30"]
[SourceVersion "1"]
[SourceVersionDate "2023.09.30"]
[SourceQuality "1"]
[WhiteTeam "Moda"]
[BlackTeam "Eskiseh Tasci"]
[WhiteTeamCountry "TUR"]
[BlackTeamCountry "TUR"]

1. d4 Nf6 2. c4 e6 3. Nf3 d5 4. Nc3 Be7 5. Bf4 0-0 6. e3 Nbd7 7. a3 dxc4 8. Bxc4 a6 9. 0-0 Nh5 10. Ba2 Nxf4 11. exf4 Nf6 12. Re1 c6 13. g3 Nd5 14. Ne4 Nf6 15. Nc3 Nd5 16. Ne4 Nf6 17. Nc3 Nd5 1/2-1/2

[Event "FICGS class M 000125 email"]
[Site "FICGS email"]
[Date "2023.07.06"]
[Round "1"]
[White "Ozen, Bahadir"]
[Black "Broekhuizen, A T S"]
[Result "1/2-1/2"]
[WhiteElo "2241"]
[BlackElo "2260"]
[PlyCount "36"]
[EventDate "2023.??.??"]
[EventType "tourn (corr)"]
[EventRounds "6"]
[SourceTitle "Corr 2024"]
[Source "ChessBase"]
[SourceDate "2023.10.19"]
[SourceVersion "1"]
[SourceVersionDate "2023.10.19"]
[SourceQuality "1"]

1. d4 Nf6 2. c4 e6 3. Nf3 d5 4. Nc3 c6 5. Bg5 h6 6. Bh4 dxc4 7. e4 g5 8. Bg3 b5 9. Ne5 h5 10. h4 g4 11. Be2 Bg7 12. 0-0 0-0 13. f3 Nfd7 14. fxg4 Nxe5 15. Bxe5 Bxe5 16. dxe5 Qxd1 17. Raxd1 Nd7 18. gxh5 Nxe5 1/2-1/2

[Event "Titled Tuesday intern op 04th Jul Late"]
[Site "Chess.com INT"]
[Date "2023.07.04"]
[Round "2"]
[White "Gutierrez Olivares, Daniel"]
[Black "Ozen, Bahadir"]
[Result "0-1"]
[WhiteElo "2354"]
[BlackElo "2369"]
[PlyCount "58"]
[EventDate "2023.07.04"]
[EventType "swiss (blitz)"]
[EventRounds "11"]
[EventCountry "USA"]
[SourceTitle "EXT 2024"]
[Source "ChessBase"]
[SourceDate "2023.10.10"]
[SourceVersion "1"]
[SourceVersionDate "2023.10.10"]
[SourceQuality "1"]

1. Nf3 g6 2. c4 Bg7 3. g3 Nf6 4. Bg2 0-0 5. 0-0 d6 6. Nc3 c6 7. b4 Be6 8. Qb3 Qc8 9. Re1 Bh3 10. Bh1 a5 11. b5 Nbd7 12. d4 h6 13. a4 Re8 14. Ba3 Qc7 15. Rad1 Bf8 16. e4 e5 17. dxe5 dxe5 18. Bxf8 Rxf8 19. Qa3 Qb6 20. bxc6 bxc6 21. Rb1 Qa7 22. Qd6 Ng4 23. Re2 Rac8 24. Nh4 Ndf6 25. Nxg6 fxg6 26. c5 Qf7 27. f3 Rfd8 28. fxg4 Rxd6 29. cxd6 Qa7+ 0-1

[Event "FICGS rapid M 000147 email"]
[Site "FICGS email"]
[Date "2023.07.03"]
[Round "1"]
[White "Slawomir, Weglicki"]
[Black "Ozen, Bahadir"]
[Result "1/2-1/2"]
[WhiteElo "2201"]
[BlackElo "2241"]
[PlyCount "40"]
[EventDate "2023.??.??"]
[EventType "tourn (rapid)"]
[EventRounds "6"]
[SourceTitle "Corr 2024"]
[Source "ChessBase"]
[SourceDate "2023.10.19"]
[SourceVersion "1"]
[SourceVersionDate "2023.10.19"]
[SourceQuality "1"]

1. d4 Nf6 2. c4 e6 3. Nf3 d5 4. Nc3 Bb4 5. Qa4+ Nc6 6. a3 Bxc3+ 7. bxc3 Bd7 8. cxd5 exd5 9. Bg5 h6 10. Bh4 g5 11. Bg3 Ne4 12. Qb3 Bf5 13. Qxb7 Na5 14. Qb4 c6 15. Nd2 Nxg3 16. hxg3 Rb8 17. Qc5 Rb5 18. Qxa7 Rb7 19. Qc5 Rb5 20. Qa7 Rb7 1/2-1/2

[Event "FICGS class M 000124 email"]
[Site "FICGS email"]
[Date "2023.06.23"]
[Round "1"]
[White "Ozen, Bahadir"]
[Black "Cirulis, Ilmars"]
[Result "1/2-1/2"]
[WhiteElo "2239"]
[BlackElo "2244"]
[PlyCount "31"]
[EventDate "2023.??.??"]
[EventType "tourn (corr)"]
[EventRounds "6"]
[SourceTitle "Corr 2024"]
[Source "ChessBase"]
[SourceDate "2023.10.19"]
[SourceVersion "1"]
[SourceVersionDate "2023.10.19"]
[SourceQuality "1"]

1. Nf3 d5 2. d4 Nf6 3. c4 c6 4. Nc3 e6 5. Bg5 h6 6. Bh4 Be7 7. e3 0-0 8. Rc1 Nbd7 9. Bd3 dxc4 10. Bxc4 a6 11. 0-0 b5 12. Be2 c5 13. dxc5 Nxc5 14. Qd4 Qxd4 15. Nxd4 Bb7 16. f3 1/2-1/2

[Event "ZH-2023-0-02283"]
[Site "LSS email"]
[Date "2023.06.14"]
[Round "?"]
[White "Ozen, Bahadir"]
[Black "Cirulis, Ilmars"]
[Result "1/2-1/2"]
[WhiteElo "2254"]
[BlackElo "2284"]
[PlyCount "51"]
[EventDate "2023.06.14"]
[EventType "match (corr)"]
[EventRounds "2"]
[EventCountry "GER"]
[SourceTitle "Corr 2024"]
[Source "ChessBase"]
[SourceDate "2023.10.19"]
[SourceVersion "1"]
[SourceVersionDate "2023.10.19"]
[SourceQuality "1"]

1. Nf3 d5 2. d4 e6 3. c4 Be7 4. Nc3 Nf6 5. Bf4 0-0 6. e3 Nbd7 7. c5 Nh5 8. Bd3 b6 9. b4 a5 10. a3 Nxf4 11. exf4 c6 12. 0-0 Ba6 13. Bxa6 Rxa6 14. Qe2 Qa8 15. b5 cxb5 16. Qxb5 Ra7 17. c6 Nb8 18. Rfc1 Rc7 19. Ne5 Rfc8 20. Qxb6 Nxc6 21. Nb5 Rb7 22. Nxc6 Bf8 23. Ne7+ Bxe7 24. Rxc8+ Qxc8 25. Qxa5 Qb8 26. a4 1/2-1/2

[Event "FICGS class M 000123 email"]
[Site "FICGS email"]
[Date "2023.06.04"]
[Round "1"]
[White "Duttagupta, Aniruddha"]
[Black "Ozen, Bahadir"]
[Result "1/2-1/2"]
[WhiteElo "2254"]
[BlackElo "2239"]
[PlyCount "26"]
[EventDate "2023.??.??"]
[EventType "tourn (corr)"]
[EventRounds "6"]
[SourceTitle "Corr 2024"]
[Source "ChessBase"]
[SourceDate "2023.10.19"]
[SourceVersion "1"]
[SourceVersionDate "2023.10.19"]
[SourceQuality "1"]

1. d4 Nf6 2. Bf4 d5 3. e3 c5 4. c3 Nc6 5. Nd2 Bf5 6. Ngf3 Qb6 7. Nh4 Bd7 8. Qb3 e6 9. Be2 Be7 10. h3 0-0 11. Nhf3 Rfc8 12. Qxb6 axb6 13. a3 h6 1/2-1/2

[Event "ZH-2023-0-02269"]
[Site "LSS email"]
[Date "2023.05.19"]
[Round "?"]
[White "Szulc, Stanislaw"]
[Black "Ozen, Bahadir"]
[Result "1/2-1/2"]
[WhiteElo "2236"]
[BlackElo "2245"]
[PlyCount "35"]
[EventDate "2023.05.19"]
[EventType "match (corr)"]
[EventRounds "2"]
[EventCountry "GER"]
[SourceTitle "Corr 2024"]
[Source "ChessBase"]
[SourceDate "2023.10.19"]
[SourceVersion "1"]
[SourceVersionDate "2023.10.19"]
[SourceQuality "1"]

1. e4 e5 2. Nf3 Nc6 3. d4 exd4 4. Nxd4 Nf6 5. Nxc6 bxc6 6. e5 Qe7 7. Qe2 Nd5 8. c4 Ba6 9. b3 g6 10. g3 Bg7 11. Bb2 0-0 12. Bg2 Rae8 13. 0-0 Bxe5 14. Qxe5 Qxe5 15. Bxe5 Rxe5 16. cxd5 Bxf1 17. Kxf1 cxd5 18. Na3 1/2-1/2